[Event "SSC-Rostock-Open 2013"]
[Site "Rostock"]
[Date "2013.08.01"]
[Round "3.5"]
[White "Wenner, Tobias"]
[Black "Skibbe, Willi"]
[Result "1/2-1/2"]
[WhiteElo "2136"]
[BlackElo "2292"]
[PlyCount "111"]
[EventDate "2013.07.31"]
[EventType "swiss"]
[EventRounds "7"]
[EventCountry "GER"]
[Source "LSV Meck.-Vorp."]
[SourceDate "1999.06.01"]
[WhiteTeam "SC Eppingen"]
[BlackTeam "SSC Rostock 07"]

1. Nf3 d5 2. c4 d4 3. g3 Nc6 4. Bg2 e5 5. d3 Nf6 6. O-O a5 7. e3 dxe3 8. Bxe3
Be7 9. d4 exd4 10. Nxd4 Nxd4 11. Qxd4 Qxd4 12. Bxd4 c6 13. Nc3 Be6 14. b3 O-O
15. h3 Rfe8 16. Rfd1 Bb4 17. Na4 Nd7 18. a3 Bf8 19. Bb2 Rac8 20. Bf1 Rb8 21.
Bc3 b5 22. cxb5 cxb5 23. Nb2 b4 24. axb4 axb4 25. Be1 Nc5 26. Nc4 Nxb3 27. Rab1
Bxc4 28. Bxc4 Rxe1+ 29. Rxe1 Nd2 30. Bb3 Nxb1 31. Rxb1 Rc8 32. Kf1 g6 33. Rb2
Rc3 34. Bd5 Kg7 35. Ke2 h5 36. h4 f5 37. Be6 Kf6 38. Bd5 f4 39. Rb3 fxg3 40.
fxg3 Bd6 41. Rxc3 bxc3 42. Kd3 Bxg3 43. Kxc3 Bxh4 44. Bf3 Kf5 45. Kd3 Kf4 46.
Ke2 Kg3 47. Be4 g5 48. Kf1 Kg4 49. Kg2 Be1 50. Bf3+ Kh4 51. Bc6 Bb4 52. Be8 g4
53. Kh1 Kg5 54. Bd7 Kf4 55. Kg2 Bc5 56. Bc8 1/2-1/2

[Event "SSC-Rostock-Open 2013"]
[Site "Rostock"]
[Date "2013.08.01"]
[Round "3.6"]
[White "Hanisch, Sebastian"]
[Black "Szelag, Marcin"]
[Result "1/2-1/2"]
[WhiteElo "2097"]
[BlackElo "2488"]
[PlyCount "121"]
[EventDate "2013.07.31"]
[EventType "swiss"]
[EventRounds "7"]
[EventCountry "GER"]
[Source "LSV Meck.-Vorp."]
[SourceDate "1999.06.01"]
[WhiteTeam "SF Schwerin"]
[BlackTeam "SSC Rostock 07"]

1. Nf3 Nf6 2. c4 g6 3. g3 Bg7 4. Bg2 d5 5. cxd5 Nxd5 6. O-O c5 7. Nc3 Nc6 8.
Qb3 Nc7 9. d3 O-O 10. Ne4 b6 11. Bd2 Bg4 12. Bc3 e5 13. Ned2 Qd7 14. Rfe1 h6
15. a4 Rfe8 16. Nc4 Rad8 17. Nfd2 Ne6 18. Bxc6 Qxc6 19. f3 Bh3 20. Nxe5 Qc7 21.
Ndc4 Nd4 22. Bxd4 Rxd4 23. e3 Rdd8 24. f4 Qb7 25. e4 Be6 26. Qb5 Bxc4 27. Nxc4
Re6 28. Ne3 Rd4 29. Nd5 a6 30. Qb3 c4 31. dxc4 Rdxe4 32. Rxe4 Rxe4 33. Qf3 f5
34. Rd1 Bxb2 35. Rd2 Bg7 36. Re2 Rxe2 37. Nf6+ Bxf6 38. Qxb7 Bd4+ 39. Kf1 Rf2+
40. Ke1 Bc5 41. a5 Rb2 42. axb6 Bxb6 43. Qd5+ Kf8 44. c5 Ba5+ 45. Kf1 Rb1+ 46.
Kg2 Re1 47. Qa8+ Kf7 48. Qxa6 Bc7 49. Qc4+ Re6 50. Qd5 Kf6 51. Kf3 Kf7 52. h3
h5 53. g4 hxg4+ 54. hxg4 fxg4+ 55. Kxg4 Ke7 56. c6 Rd6 57. Qe5+ Kf7 58. Qe4 Rf6
59. Qd5+ Kf8 60. Kg5 Rf5+ 61. Qxf5+ 1/2-1/2

[Event "SSC-Rostock-Open 2013"]
[Site "Rostock"]
[Date "2013.08.01"]
[Round "3.7"]
[White "Helms, Sven"]
[Black "Schulz, Michael"]
[Result "0-1"]
[WhiteElo "2046"]
[BlackElo "2249"]
[PlyCount "102"]
[EventDate "2013.07.31"]
[EventType "swiss"]
[EventRounds "7"]
[EventCountry "GER"]
[Source "LSV Meck.-Vorp."]
[SourceDate "1999.06.01"]
[WhiteTeam "SF Schwerin"]
[BlackTeam "SC Empor Potsdam 1952"]

1. d4 Nf6 2. c4 c5 3. Nf3 cxd4 4. Nxd4 e5 5. Nb3 d5 6. cxd5 Qxd5 7. Qxd5 Nxd5
8. Bd2 Nb4 9. Bxb4 Bxb4+ 10. N1d2 Nc6 11. e3 a5 12. a3 Be7 13. Rc1 a4 14. Nc5
Ra5 15. Nce4 O-O 16. Bc4 Rd8 17. Ke2 Kf8 18. f3 f5 19. Nc3 e4 20. Bb5 Ne5 21.
Nc4 Nxc4 22. Bxc4 exf3+ 23. gxf3 Bf6 24. Rhd1 Rxd1 25. Nxd1 Rc5 26. Kd2 Bd7 27.
Bd3 Rd5 28. Nc3 Rd6 29. Ke2 g6 30. Rc2 Bc6 31. e4 fxe4 32. Bxe4 Bxc3 33. Rxc3
Bxe4 34. fxe4 Rb6 35. Ke3 Rxb2 36. Kf4 Rxh2 37. Ke5 h5 38. Rc8+ Kg7 39. Rc7+
Kh6 40. Rxb7 Ra2 41. Kf6 Rxa3 42. e5 Rf3+ 43. Ke7 h4 44. e6 h3 45. Kd8 Rd3+ 46.
Rd7 Re3 47. e7 g5 48. e8=Q Rxe8+ 49. Kxe8 g4 50. Kf7 h2 51. Rd8 g3 0-1

[Event "SSC-Rostock-Open 2013"]
[Site "Rostock"]
[Date "2013.08.01"]
[Round "3.8"]
[White "Stutz, Reno"]
[Black "Leisner, Hannes"]
[Result "1/2-1/2"]
[WhiteElo "1991"]
[BlackElo "2208"]
[Annotator "Raitza,Egon"]
[PlyCount "103"]
[EventDate "2013.07.31"]
[EventType "swiss"]
[EventRounds "7"]
[EventCountry "GER"]
[Source "LSV Meck.-Vorp."]
[SourceDate "1999.06.01"]
[WhiteTeam "ASV Gruen-Weiss Wismar"]
[BlackTeam "Greifswalder SV"]

1. e4 g6 2. d4 Bg7 3. Nf3 d6 4. h3 Nf6 5. Bd3 O-O 6. O-O c5 7. c3 Qc7 8. Bf4
Nbd7 9. e5 Nd5 10. exd6 exd6 11. Bh2 c4 12. Be4 N7f6 13. Nbd2 Be6 14. Re1 Bh6
15. Qa4 Rfc8 16. Bxd5 Bxd5 17. Re2 Rab8 18. Rae1 b5 19. Qc2 Rb7 20. Bg3 Be6 21.
Ne4 Nxe4 22. Qxe4 b4 23. Bxd6 Qc6 24. Qxc6 Rxc6 25. Bxb4 Bf4 26. Ne5 Rcb6 27.
Rd1 Bd5 28. Ng4 h5 29. Ne3 Bxe3 30. Rxe3 a5 31. Ba3 Re6 32. Rde1 Kg7 33. Re5 a4
34. Kf1 Rd7 35. Rxe6 fxe6 36. Re3 Kf6 37. Re5 Rb7 38. g3 Rb5 39. Ke2 Bc6 40. f4
Bd5 {(=)} 41. Bb4 Rb7 42. Kf2 Rb5 43. g4 hxg4 44. hxg4 Bc6 45. Re3 Rb8 46. Rh3
Kg7 47. Kg3 Kg8 48. Rh2 Rb7 49. Re2 Bd5 50. Re5 Rg7 51. Kh4 Kf7 52. Kg3 1/2-1/2

[Event "SSC-Rostock-Open 2013"]
[Site "Rostock"]
[Date "2013.08.01"]
[Round "3.10"]
[White "Hornych, Christoph"]
[Black "Ehlert, Horst"]
[Result "1/2-1/2"]
[WhiteElo "2172"]
[BlackElo "1998"]
[PlyCount "26"]
[EventDate "2013.07.31"]
[EventType "swiss"]
[EventRounds "7"]
[EventCountry "GER"]
[Source "LSV Meck.-Vorp."]
[SourceDate "1999.06.01"]
[WhiteTeam "SF Ostsee Warnemuende"]
[BlackTeam "SV Laatzen"]

1. e4 e6 2. d4 d5 3. Nd2 dxe4 4. Nxe4 Nd7 5. Nf3 Ngf6 6. Nxf6+ Nxf6 7. Bd3 c5
8. O-O cxd4 9. Nxd4 a6 10. c3 Bc5 11. Nb3 Bd6 12. Bg5 Bd7 13. Qe2 Qc7 1/2-1/2

[Event "SSC-Rostock-Open 2013"]
[Site "Rostock"]
[Date "2013.08.01"]
[Round "3.11"]
[White "Kioschies, Johann"]
[Black "Lick, Patrick"]
[Result "1-0"]
[WhiteElo "2006"]
[BlackElo "2169"]
[PlyCount "73"]
[EventDate "2013.07.31"]
[EventType "swiss"]
[EventRounds "7"]
[EventCountry "GER"]
[Source "LSV Meck.-Vorp."]
[SourceDate "1999.06.01"]
[WhiteTeam "SV Aalen"]
[BlackTeam "SV Laatzen"]

1. c4 g6 2. Nc3 Nf6 3. d4 d5 4. cxd5 Nxd5 5. e4 Nxc3 6. bxc3 Bg7 7. Be3 O-O 8.
Qb3 c5 9. Rd1 Qa5 10. Bd2 Bd7 11. Qb1 cxd4 12. cxd4 Qa4 13. Nf3 a6 14. d5 e6
15. Bd3 exd5 16. exd5 Re8+ 17. Be3 Qa5+ 18. Nd2 Qxd5 19. Be4 Qb5 20. Bxb7 Ra7
21. Be4 Rc7 22. Bd3 Qxb1 23. Rxb1 Bf5 24. Bxf5 gxf5 25. O-O Rc2 26. Nf3 Nd7 27.
Rfd1 Ne5 28. Nd4 Rxa2 29. Nxf5 Bf6 30. h3 Nc4 31. Bh6 a5 32. Rdc1 Rb2 33. Rxb2
Nxb2 34. Ra1 a4 35. Ra3 Rb8 36. Rg3+ Kh8 37. Nd6 1-0

[Event "SSC-Rostock-Open 2013"]
[Site "Rostock"]
[Date "2013.08.01"]
[Round "3.12"]
[White "Puschendorf, Steffen"]
[Black "Marcussen, Claus"]
[Result "1-0"]
[WhiteElo "2220"]
[BlackElo "1835"]
[PlyCount "39"]
[EventDate "2013.07.31"]
[EventType "swiss"]
[EventRounds "7"]
[EventCountry "GER"]
[Source "LSV Meck.-Vorp."]
[SourceDate "1999.06.01"]
[WhiteTeam "ESV Gera"]
[BlackTeam "Fredericia Skakforening"]

1. d4 f5 2. c4 e6 3. Nc3 Nf6 4. g3 d5 5. Bg2 c6 6. Nf3 Bd6 7. O-O Nbd7 8. Qc2
Ne4 9. Nxe4 fxe4 10. Ng5 Qe7 11. f3 exf3 12. exf3 Qf6 13. cxd5 cxd5 14. Re1 Nf8
15. Be3 Ng6 16. f4 Bd7 17. Qb3 b5 18. Bxd5 Bxf4 19. Nxe6 Bxg3 20. hxg3 1-0

[Event "SSC-Rostock-Open 2013"]
[Site "Rostock"]
[Date "2013.08.01"]
[Round "3.13"]
[White "Jeske, Holger"]
[Black "Jurkatis, Hagen"]
[Result "1-0"]
[WhiteElo "1903"]
[BlackElo "2094"]
[PlyCount "81"]
[EventDate "2013.07.31"]
[EventType "swiss"]
[EventRounds "7"]
[EventCountry "GER"]
[Source "LSV Meck.-Vorp."]
[SourceDate "1999.06.01"]
[WhiteTeam "SSC Rostock 07"]
[BlackTeam "SK Koenig Tegel 1949"]

1. e4 d6 2. d4 Nf6 3. Nc3 e5 4. Nf3 Nbd7 5. Bc4 Be7 6. a4 c6 7. a5 O-O 8. O-O
Nxe4 9. Nxe4 d5 10. Ned2 e4 11. Ne5 Nxe5 12. dxe5 dxc4 13. Nxe4 Be6 14. Qh5 Qc7
15. f4 Bd5 16. Qe2 Rae8 17. Bd2 f5 18. Nc3 Rd8 19. Be3 Bb4 20. Bxa7 Bxa5 21.
Bc5 Bb6 22. Qf2 Bxc5 23. Qxc5 Qf7 24. Rad1 Rd7 25. Rd2 Rfd8 26. Rfd1 Be6 27.
Rd6 Rxd6 28. Rxd6 Rxd6 29. exd6 Bd7 30. Kf2 Qf6 31. g3 Qh6 32. Kg2 Qe6 33. Kf2
Kf7 34. Qd4 b5 35. Ne2 Qf6 36. h4 Qe6 37. Kf3 Qf6 38. Ke3 Qxd4+ 39. Kxd4 Ke6
40. Kc5 Kf6 41. Nd4 1-0

[Event "SSC-Rostock-Open 2013"]
[Site "Rostock"]
[Date "2013.08.01"]
[Round "3.14"]
[White "Hodl, Ingolf"]
[Black "Massloch, Philipp"]
[Result "1-0"]
[WhiteElo "2062"]
[BlackElo "1818"]
[PlyCount "91"]
[EventDate "2013.07.31"]
[EventType "swiss"]
[EventRounds "7"]
[EventCountry "GER"]
[Source "LSV Meck.-Vorp."]
[SourceDate "1999.06.01"]
[WhiteTeam "SSC Rostock 07"]
[BlackTeam "SAV Torgelow-Droegeheide 90"]

1. g3 g6 2. Bg2 Bg7 3. Nf3 Nf6 4. d3 d5 5. Nbd2 O-O 6. O-O c6 7. e4 dxe4 8.
dxe4 Bg4 9. h3 Bxf3 10. Qxf3 Nbd7 11. Nc4 Qc7 12. Bf4 e5 13. Be3 c5 14. a4 Rad8
15. h4 h6 16. Bh3 Qc6 17. Rfd1 Nb6 18. Rxd8 Rxd8 19. Na5 Qxe4 20. Qxe4 Nxe4 21.
Nxb7 Rb8 22. Nxc5 Nxc5 23. Bxc5 e4 24. c3 Nd5 25. Ra2 a5 26. Bd7 Rd8 27. Bc6
Nxc3 28. bxc3 Rc8 29. Bb6 Rxc6 30. Bxa5 Bxc3 31. Bxc3 Rxc3 32. a5 Rc7 33. Kf1
Kf8 34. Ke2 Ke7 35. Ke3 f5 36. Kd4 Kd6 37. Rb2 Ra7 38. Rb6+ Kc7 39. Rxg6 Rxa5
40. Rxh6 Ra2 41. Ke3 Ra3+ 42. Ke2 Kd7 43. Rf6 Rf3 44. g4 Rh3 45. Rxf5 Rxh4 46.
Rf4 1-0

[Event "SSC-Rostock-Open 2013"]
[Site "Rostock"]
[Date "2013.08.01"]
[Round "3.15"]
[White "Vladov, Mark"]
[Black "Ruesch, Hans Joachim"]
[Result "0-1"]
[WhiteElo "1829"]
[BlackElo "2051"]
[PlyCount "50"]
[EventDate "2013.07.31"]
[EventType "swiss"]
[EventRounds "7"]
[EventCountry "GER"]
[Source "LSV Meck.-Vorp."]
[SourceDate "1999.06.01"]
[WhiteTeam "SF Ostsee Warnemuende"]
[BlackTeam "SF Ostsee Warnemuende"]

1. e4 g6 2. Nf3 Bg7 3. d4 d6 4. Be2 Nf6 5. Nbd2 O-O 6. O-O Nbd7 7. Re1 e5 8. c3
Re8 9. Bf1 Nh5 10. g3 Nb6 11. a4 a5 12. h3 c6 13. Kh2 Be6 14. b3 d5 15. Bb2
exd4 16. Nxd4 Bc8 17. Qc2 Qf6 18. N4f3 dxe4 19. Rxe4 Bf5 20. Rxe8+ Rxe8 21. Bd3
Bd7 22. Kg2 Nd5 23. Rc1 Re3 24. Ng1 Rxd3 25. Qxd3 Nhf4+ 0-1

[Event "SSC-Rostock-Open 2013"]
[Site "Rostock"]
[Date "2013.08.01"]
[Round "3.16"]
[White "Mauser, Tassilo"]
[Black "Kutschke, Peter"]
[Result "1/2-1/2"]
[WhiteElo "1766"]
[BlackElo "2045"]
[PlyCount "29"]
[EventDate "2013.07.31"]
[EventType "swiss"]
[EventRounds "7"]
[EventCountry "GER"]
[Source "LSV Meck.-Vorp."]
[SourceDate "1999.06.01"]
[WhiteTeam "SV Gryps"]
[BlackTeam "HSG Uni Rostock"]

1. e4 d5 2. exd5 Nf6 3. Bb5+ Bd7 4. Bc4 Bg4 5. f3 Bc8 6. Nc3 Nbd7 7. d4 Nb6 8.
Bb5+ Bd7 9. Bxd7+ Qxd7 10. Nge2 Nbxd5 11. Nxd5 Nxd5 12. c4 Nb6 13. b3 e6 14.
O-O c5 15. Be3 1/2-1/2

[Event "SSC-Rostock-Open 2013"]
[Site "Rostock"]
[Date "2013.08.01"]
[Round "3.17"]
[White "Ehrich, Dieter"]
[Black "Peschke, Uwe"]
[Result "1/2-1/2"]
[WhiteElo "1710"]
[BlackElo "2025"]
[PlyCount "23"]
[EventDate "2013.07.31"]
[EventType "swiss"]
[EventRounds "7"]
[EventCountry "GER"]
[Source "LSV Meck.-Vorp."]
[SourceDate "1999.06.01"]
[WhiteTeam "PSV Ribnitz-Damgarten"]
[BlackTeam "SC Empor Potsdam 1952"]

1. c4 Nf6 2. g3 g6 3. Bg2 Bg7 4. Nc3 c5 5. Nf3 O-O 6. O-O d5 7. cxd5 Nxd5 8. d4
Nxc3 9. bxc3 cxd4 10. cxd4 Nc6 11. e3 Bf5 12. Nh4 1/2-1/2

[Event "SSC-Rostock-Open 2013"]
[Site "Rostock"]
[Date "2013.08.01"]
[Round "3.18"]
[White "Heerde, Thomas"]
[Black "Morosova, Svetlana"]
[Result "1-0"]
[WhiteElo "2001"]
[BlackElo "1689"]
[PlyCount "59"]
[EventDate "2013.07.31"]
[EventType "swiss"]
[EventRounds "7"]
[EventCountry "GER"]
[Source "LSV Meck.-Vorp."]
[SourceDate "1999.06.01"]
[WhiteTeam "SC Weisse Dame"]
[BlackTeam "Think Rochade - SC HRO"]

1. e4 c5 2. Nf3 d6 3. d4 cxd4 4. Nxd4 Nf6 5. Nc3 a6 6. Be3 e6 7. f3 Be7 8. Qd2
b5 9. O-O-O Bb7 10. g4 Nc6 11. h4 Rc8 12. Kb1 Nd7 13. g5 Nc5 14. Nce2 Ne5 15.
Ng3 d5 16. Qf2 Qc7 17. exd5 Bxd5 18. Be2 Nc4 19. Bc1 Na4 20. Ne4 Qe5 21. Rhe1
Qc7 22. h5 Nc5 23. g6 f6 24. h6 gxh6 25. g7 Rg8 26. Bxh6 Nxe4 27. fxe4 Bxe4 28.
Bxc4 bxc4 29. Rxe4 c3 30. Rxe6 1-0

[Event "SSC-Rostock-Open 2013"]
[Site "Rostock"]
[Date "2013.08.01"]
[Round "3.19"]
[White "Schreiber, Kevin"]
[Black "Wulf, Constanze"]
[Result "1-0"]
[WhiteElo "1914"]
[BlackElo "1615"]
[PlyCount "71"]
[EventDate "2013.07.31"]
[EventType "swiss"]
[EventRounds "7"]
[EventCountry "GER"]
[Source "LSV Meck.-Vorp."]
[SourceDate "1999.06.01"]
[WhiteTeam "SC Mecklenburger Springer"]
[BlackTeam "SC Mecklenburger Springer"]

1. d4 d5 2. Nf3 c6 3. c4 Nf6 4. Nc3 dxc4 5. a4 Bf5 6. e3 e6 7. Bxc4 Bb4 8. O-O
Nbd7 9. Qe2 Bg6 10. Rd1 O-O 11. Ne5 Qe7 12. Nxg6 hxg6 13. e4 Nb6 14. Bb3 c5 15.
a5 cxd4 16. Nb5 Nbd7 17. e5 Ne8 18. a6 Nc5 19. axb7 Qxb7 20. Bc4 a6 21. Nxd4
Nc7 22. Bg5 Rfe8 23. h4 Nd5 24. h5 gxh5 25. Qxh5 Ne7 26. Bd3 Nxd3 27. Rxd3 Qe4
28. Rh3 Kf8 29. Rd1 Ng8 30. Rf3 Ra7 31. Rfd3 Be7 32. Nxe6+ fxe6 33. Rf3+ Bf6
34. exf6 gxf6 35. Bxf6 Nxf6 36. Qh8+ 1-0

[Event "SSC-Rostock-Open 2013"]
[Site "Rostock"]
[Date "2013.08.01"]
[Round "3.20"]
[White "Kreuzinger, Frank"]
[Black "Giese, Guido"]
[Result "1/2-1/2"]
[WhiteElo "1759"]
[BlackElo "1964"]
[Annotator "Raitza,Egon"]
[PlyCount "59"]
[EventDate "2013.07.31"]
[EventType "swiss"]
[EventRounds "7"]
[EventCountry "GER"]
[Source "LSV Meck.-Vorp."]
[SourceDate "1999.06.01"]
[WhiteTeam "vls./Pirna"]
[BlackTeam "HSG Uni Rostock"]

1. Nf3 c5 2. g3 g6 3. Bg2 Bg7 4. c4 Nf6 5. Nc3 O-O 6. O-O d6 7. d4 Na6 8. h3
Bd7 9. b3 Qc8 10. Kh2 cxd4 11. Nxd4 d5 12. Ba3 Re8 13. Rc1 dxc4 14. Ncb5 Nb8
15. Rxc4 Nc6 16. Nxc6 bxc6 17. Qc1 cxb5 18. Rxc8 Raxc8 19. Qe3 Rc2 20. Bc5 a5
21. a3 Rc3 22. Qd2 Rxc5 23. Qxa5 Rcc8 24. a4 bxa4 25. bxa4 {(=)} Rc4 26. Rb1
Rxa4 27. Qc5 Rd4 28. Qxd4 Ng4+ 29. Qxg4 Bxg4 30. hxg4 1/2-1/2

[Event "SSC-Rostock-Open 2013"]
[Site "Rostock"]
[Date "2013.08.01"]
[Round "3.21"]
[White "Celmer, Ole"]
[Black "Bardosch, Karl"]
[Result "1-0"]
[WhiteElo "1908"]
[BlackElo "1608"]
[PlyCount "37"]
[EventDate "2013.07.31"]
[EventType "swiss"]
[EventRounds "7"]
[EventCountry "GER"]
[Source "LSV Meck.-Vorp."]
[SourceDate "1999.06.01"]
[WhiteTeam "SSC Rostock 07"]
[BlackTeam "SSC Rostock 07"]

1. e4 c5 2. c3 d5 3. exd5 Qxd5 4. d4 Nc6 5. Nf3 Bg4 6. dxc5 Qxc5 7. Be3 Qa5 8.
Be2 Rd8 9. Qb3 Bxf3 10. Bxf3 Qc7 11. O-O Nf6 12. Na3 Rb8 13. Nb5 Qc8 14. Nxa7
Qc7 15. Nb5 Qc8 16. Bf4 e5 17. Rfe1 Nd7 18. Qd5 Nb6 19. Rxe5+ 1-0

[Event "SSC-Rostock-Open 2013"]
[Site "Rostock"]
[Date "2013.08.01"]
[Round "3.22"]
[White "Bardosch, Konstantin"]
[Black "Siegert, Gregor"]
[Result "0-1"]
[WhiteElo "1666"]
[BlackElo "1826"]
[PlyCount "54"]
[EventDate "2013.07.31"]
[EventType "swiss"]
[EventRounds "7"]
[EventCountry "GER"]
[Source "LSV Meck.-Vorp."]
[SourceDate "1999.06.01"]
[WhiteTeam "SSC Rostock 07"]
[BlackTeam "SF Schwerin"]

1. d4 Nf6 2. Bg5 g6 3. Bxf6 exf6 4. e3 Bg7 5. Nf3 d5 6. c4 c6 7. Nc3 Qb6 8. Qb3
Qxb3 9. axb3 Be6 10. Bd3 O-O 11. O-O a6 12. cxd5 cxd5 13. Na4 Nc6 14. Nb6 Rab8
15. Rfc1 Nb4 16. Ne1 Rfe8 17. Be2 f5 18. Nd3 Nxd3 19. Bxd3 f4 20. h3 fxe3 21.
fxe3 Re7 22. Rc5 Rd8 23. Rf1 Bh6 24. Rf3 Rd6 25. Nc8 Bxc8 26. Rxc8+ Kg7 27. Kf2
Rde6 0-1

[Event "SSC-Rostock-Open 2013"]
[Site "Rostock"]
[Date "2013.08.01"]
[Round "3.23"]
[White "Massloch, Lea"]
[Black "Fleischer, Matthias"]
[Result "0-1"]
[WhiteElo "993"]
[BlackElo "1929"]
[PlyCount "56"]
[EventDate "2013.07.31"]
[EventType "swiss"]
[EventRounds "7"]
[EventCountry "GER"]
[Source "LSV Meck.-Vorp."]
[SourceDate "1999.06.01"]
[WhiteTeam "SAV Torgelow-Droegeheide 90"]
[BlackTeam "SV Einheit Schwerin"]

1. e4 d6 2. d4 Nf6 3. Nc3 g6 4. f4 Bg7 5. Bd3 Bg4 6. Nf3 O-O 7. h3 Bxf3 8. Qxf3
c6 9. Bd2 Qb6 10. d5 Nbd7 11. b3 Ne8 12. Be2 Rc8 13. Rc1 a6 14. Nd1 e6 15. g4
exd5 16. exd5 Nef6 17. Bc4 Rce8+ 18. Kf1 cxd5 19. Bxd5 Nxd5 20. Qxd5 Nf6 21.
Qg2 Ne4 22. Be1 d5 23. f5 Kh8 24. h4 gxf5 25. gxf5 Bh6 26. Rb1 Rg8 27. Qh3 Nd2+
28. Bxd2 Bxd2 0-1

[Event "SSC-Rostock-Open 2013"]
[Site "Rostock"]
[Date "2013.08.01"]
[Round "3.24"]
[White "Reznik, Leonid"]
[Black "Wurst, Maximilian"]
[Result "1-0"]
[WhiteElo "1869"]
[BlackElo "1441"]
[PlyCount "73"]
[EventDate "2013.07.31"]
[EventType "swiss"]
[EventRounds "7"]
[EventCountry "GER"]
[Source "LSV Meck.-Vorp."]
[SourceDate "1999.06.01"]
[WhiteTeam "TuS Makkabi Rostock"]
[BlackTeam "SSC Rostock 07"]

1. d4 Nf6 2. c4 e6 3. Nc3 Bb4 4. Qc2 d5 5. e3 c5 6. dxc5 Bxc5 7. Nf3 Nc6 8. a3
a6 9. b4 Ba7 10. Bb2 h6 11. Rd1 O-O 12. Be2 b6 13. cxd5 exd5 14. O-O b5 15.
Nxd5 Nxd5 16. Qxc6 Be6 17. e4 Rc8 18. Qxa6 Qb6 19. Qxb6 Nxb6 20. Bxb5 Nc4 21.
Bxc4 Bxc4 22. Rfe1 Bb3 23. Rd7 Rc2 24. Rxa7 Rxb2 25. Nd4 Be6 26. Nc6 f5 27. e5
f4 28. f3 Kh8 29. a4 Rf5 30. h4 Rf8 31. b5 Rc8 32. Rd1 Re2 33. Rd8+ Rxd8 34.
Nxd8 Rxe5 35. Re7 Re1+ 36. Kf2 Ra1 37. Nxe6 1-0

[Event "SSC-Rostock-Open 2013"]
[Site "Rostock"]
[Date "2013.08.01"]
[Round "3.25"]
[White "Hilbig, Dieter"]
[Black "Schulz, Ronald"]
[Result "1-0"]
[WhiteElo "2029"]
[BlackElo "1574"]
[PlyCount "97"]
[EventDate "2013.07.31"]
[EventType "swiss"]
[EventRounds "7"]
[EventCountry "GER"]
[Source "LSV Meck.-Vorp."]
[SourceDate "1999.06.01"]
[WhiteTeam "ESV Gera"]
[BlackTeam "SG Eintracht Neubrandenburg"]

1. e4 d5 2. Nc3 d4 3. Nce2 e5 4. Nf3 Bd6 5. Ng3 c5 6. Bc4 Nc6 7. d3 f6 8. Nf5
Bxf5 9. exf5 Nge7 10. Nh4 Kd7 11. Qg4 Qf8 12. Bd2 a6 13. a4 Nb4 14. Rc1 Nbd5
15. Qe4 g5 16. fxg6 hxg6 17. Nxg6 Nxg6 18. Qxd5 Rb8 19. b4 cxb4 20. Bxb4 Nf4
21. Bxd6 Qxd6 22. Qxd6+ Kxd6 23. g3 Nh3 24. Rb1 Kc5 25. Ke2 b5 26. axb5 axb5
27. Be6 Ng5 28. Bf5 Ra8 29. h4 Nf7 30. Be6 Nh6 31. Kf3 Ra6 32. Bb3 Rha8 33. g4
Ng8 34. Kg3 Ne7 35. Rhe1 Ng6 36. h5 Nf4 37. Rh1 Ne2+ 38. Kf3 Nc3 39. Rbe1 Kb4
40. h6 Ra3 41. h7 Rh8 42. g5 fxg5 43. Rxe5 Rxb3 44. cxb3 Kxb3 45. Rxg5 Kc2 46.
Rg8 Rxh7 47. Rxh7 b4 48. Rb7 b3 49. Rgb8 1-0

[Event "SSC-Rostock-Open 2013"]
[Site "Rostock"]
[Date "2013.08.01"]
[Round "3.26"]
[White "Kreutz, Ralf"]
[Black "Mangold, Thomas"]
[Result "0-1"]
[WhiteElo "1573"]
[BlackElo "1884"]
[PlyCount "70"]
[EventDate "2013.07.31"]
[EventType "swiss"]
[EventRounds "7"]
[EventCountry "GER"]
[Source "LSV Meck.-Vorp."]
[SourceDate "1999.06.01"]
[WhiteTeam "SV Koenigsjaeger Sued-West"]
[BlackTeam "SSC Rostock 07"]

1. e4 e5 2. Nf3 d6 3. c3 Nf6 4. d3 Be7 5. Be2 O-O 6. O-O Nc6 7. Be3 d5 8. exd5
Nxd5 9. c4 Nxe3 10. fxe3 Bc5 11. Qd2 e4 12. dxe4 Qxd2 13. Nbxd2 Bxe3+ 14. Kh1
Be6 15. Nb3 a5 16. Nc1 Rad8 17. b3 Rfe8 18. Nd3 Nd4 19. Nxd4 Rxd4 20. Nc5 Bc8
21. Rf3 Bg5 22. Rd1 Rxd1+ 23. Bxd1 b6 24. Nd3 Rxe4 25. Bc2 h6 26. h3 Bb7 27.
Rf2 Re3 28. Kh2 Bh4 29. Rd2 Be4 30. a3 Bf6 31. Nf4 Bxc2 32. Rxc2 Be5 33. g3
Rxb3 34. a4 Bxf4 35. gxf4 Rb4 0-1

[Event "SSC-Rostock-Open 2013"]
[Site "Rostock"]
[Date "2013.08.01"]
[Round "3.27"]
[White "Rozhanskyy, Oleksiy"]
[Black "Raitza, Egon"]
[Result "1/2-1/2"]
[WhiteElo "1199"]
[BlackElo "1856"]
[PlyCount "79"]
[EventDate "2013.07.31"]
[EventType "swiss"]
[EventRounds "7"]
[EventCountry "GER"]
[Source "LSV Meck.-Vorp."]
[SourceDate "1999.06.01"]
[WhiteTeam "SSC Rostock 07"]
[BlackTeam "SSC Rostock 07"]

1. e4 e5 2. Nf3 Nc6 3. Bc4 Nf6 4. O-O Bc5 5. d3 d6 6. a3 Bg4 7. Be3 Nd4 8. Nbd2
O-O 9. c3 Nxf3+ 10. Nxf3 Bb6 11. Qd2 Bxf3 12. gxf3 c6 13. d4 Qc7 14. Kh1 d5 15.
Bd3 Rfe8 16. Rae1 exd4 17. Bxd4 Bxd4 18. cxd4 Rad8 19. e5 Nh5 20. Qg5 g6 21.
Rg1 Qe7 22. Qxh5 Kh8 23. Qg4 c5 24. f4 c4 25. Bc2 b5 26. f5 Rg8 27. fxg6 fxg6
28. Re3 Rg7 29. Qg5 Rf8 30. Qxe7 Rxe7 31. Rg2 Rf4 32. f3 Rxd4 33. b3 Rf4 34.
bxc4 bxc4 35. Rg4 Rxg4 36. fxg4 d4 37. Re4 d3 38. Ba4 c3 39. Rd4 c2 40. Bxc2
1/2-1/2

[Event "SSC-Rostock-Open 2013"]
[Site "Rostock"]
[Date "2013.08.01"]
[Round "3.28"]
[White "Worm, Alfred"]
[Black "Langer, Moritz"]
[Result "1/2-1/2"]
[WhiteElo "1844"]
[BlackElo "1191"]
[PlyCount "168"]
[EventDate "2013.07.31"]
[EventType "swiss"]
[EventRounds "7"]
[EventCountry "GER"]
[Source "LSV Meck.-Vorp."]
[SourceDate "1999.06.01"]
[WhiteTeam "SSC Rostock 07"]
[BlackTeam "TuS Makkabi Rostock"]

1. e4 c5 2. Nf3 d6 3. c3 Nc6 4. d4 cxd4 5. cxd4 Bg4 6. Be2 Nf6 7. h3 Bd7 8. Nc3
a6 9. e5 dxe5 10. dxe5 Ng8 11. O-O e6 12. Bf4 Nge7 13. Bg5 Qc7 14. Ne4 Nd5 15.
Rc1 Qb8 16. Nc5 Bxc5 17. Rxc5 Nxe5 18. Re1 O-O 19. Bh4 Nxf3+ 20. Bxf3 Bc6 21.
Rc4 Qd6 22. Rg4 f6 23. Qd2 Kh8 24. Bg3 e5 25. Rd1 Rad8 26. Rd4 Rf7 27. Rxd5
Bxd5 28. Qxd5 Qxd5 29. Rxd5 Rxd5 30. Bxd5 Rd7 31. Bf3 b6 32. a4 a5 33. Bc6 Rd1+
34. Kh2 Rb1 35. f4 exf4 36. Bxf4 Rxb2 37. Be3 Rb3 38. Bf2 Rb2 39. Bg1 f5 40.
Bb5 f4 41. Bxb6 f3 42. Kg1 Rxg2+ 43. Kf1 Rh2 44. Bd7 Rd2 45. Bb5 f2 46. Bxa5
Rb2 47. Bb6 h6 48. Bxf2 Rb3 49. h4 h5 50. Be8 Ra3 51. Be1 Rf3+ 52. Ke2 Rf4 53.
Kd3 Rf6 54. Bxh5 Rd6+ 55. Kc4 Re6 56. Bg3 Rf6 57. Be8 Re6 58. Bb5 Re4+ 59. Kc5
Rg4 60. Bf2 Rf4 61. Be1 Re4 62. Bd2 Rxh4 63. a5 Rh2 64. Bb4 Rh4 65. Kb6 Rh6+
66. Bc6 Rh4 67. Bc5 Rh2 68. a6 Rb2+ 69. Bb5 Ra2 70. a7 Rxa7 71. Kxa7 Kh7 72.
Be3 Kg6 73. Bd3+ Kh5 74. Be2+ Kg6 75. Kb6 Kf5 76. Kc5 Ke4 77. Bd2 Ke5 78. Kc4
g6 79. Bd3 Kf6 80. Kd5 Kg7 81. Ke6 Kf8 82. Bxg6 Kg7 83. Bf5 Kf8 84. Bg5 Kg7
1/2-1/2